00181nam a2200073Ia 4500008004100000082000800041100001600049245004200065240331s9999 xx 000 0 und d bASH aAsheroft, B 0aKey concepts in post colonial studies